| 000 | 00431nam a2200133Ia 4500 | ||
|---|---|---|---|
| 008 | 170516s9999 xx 000 0 und d | ||
| 245 | 2 | _aA single-center experience in radioembolization as salvage therapy of hepatic metastases of uveal melanoma | |
| 260 | _bActa Radiologica Open | ||
| 260 | _c2015 | ||
| 300 | _a4:4 | ||
| 650 | _xRadiologic Technology | ||
| 650 | _xRadtech | ||
| 856 | _uhttp://journals.sagepub.com/toc/arra/4/4 | ||
| 999 |
_c332115 _d332115 |
||